000 01648cam a22003614a 4500
999 _c18884
_d18884
001 12428132
005 20170114103417.0
008 010531s2001 njua 001 0 eng
010 _a 2001037380
020 _a1576600971 (alk. paper)
050 0 0 _aNC 1763 .C45N48 2001
245 0 4 _aThe New Yorker book of kids cartoons /
_cedited by Robert Mankoff ; introduction by Roz Chast.
246 3 0 _aBook of kids cartoons
246 2 _aBook of kids (and the people who live with them) cartoons
260 _aPrinceton, NJ :
_bBloomberg Press,
_cc2001.
300 _axiii, 126 p. :
_bill. ;
_c23 cm.
500 _aOn t.p. "kids" is followed by an asterisk that refers to "and the people who live with them".
500 _aIncludes index.
650 0 _aChildren
_xCaricatures and cartoons.
650 0 _aParent and child
_xCaricatures and cartoons.
650 0 _aAmerican wit and humor, Pictorial.
700 1 _aMankoff, Robert.
942 _2ddc
_cBOOKS
_hNC 1763 .C45N48 2001